000 00653cab a2200205 4500
001 WB2337-10
008 090401t1987 xxu||||| |||| 00| 0 eng d
035 _a(Sirsi) u521
041 _aeng
245 _aHouse prices and inflation
260 _c1987
350 _a0
490 _aTimes
_v16/9/87 p24
490 _aSunday Times
_v13/9/87 p3(2)
520 _aLooks at the conclusions of a new report published by the Credit Suisse First Boston bank, which claims that rising house prices will not fuel inflation .
650 _aINVESTMENT
690 _aPROPERTY-RESIDENTIAL PROPERTY-RESIDENTIAL PROPERTY MARKET
942 _n0
948 _c04/03/1997
999 _c238
_d238